Jesucristo : su vida, su doctrina, su obra /
Desde una doble perspectiva, teológica e histórica, esta obra presenta la vida de Jesucristo a los lectores medios, a quienes se han iniciado ya en su conocimiento, pero no a expertos en este campo, ya que no es una obra propiamente académica. Se basa en el texto bíblico, y se enriquece con obras no...
Na minha lista:
| Autor principal: | |
|---|---|
| Outros Autores: | |
| Formato: | Livro |
| Idioma: | espanhol |
| Publicado em: |
México :
Jus,
1946, c1946
|
| Colecção: | (Biblioteca de Teología Histórica)
|
| Assuntos: | |
| Tags: |
Sem tags, seja o primeiro a adicionar uma tag!
|
MARC
| LEADER | 00000nam^a2200000^a^4500 | ||
|---|---|---|---|
| 001 | 000559602 | ||
| 005 | 20250521000000.0 | ||
| 009 | 20260310131844.94 | ||
| 037 | |a Acervo Xavier Clavigero | ||
| 041 | |a ESP | ||
| 082 | |a 232. |b PRA | ||
| 100 | |a Prat, Ferdinand |e (autor) | ||
| 240 | 1 | 1 | |a [Jesucristo: su vida, su doctrina, su obra] |
| 245 | 1 | 0 | |a Jesucristo : |b su vida, su doctrina, su obra / |c F. Prat ; tr. por S. Abascal. |
| 264 | 4 | |a México : |b Jus, |c 1946, c1946 | |
| 300 | |a 2 v. (IX, 545, 556 p.) | ||
| 336 | |a texto |b txt |2 rdacontenido | ||
| 337 | |a sin mediación |b n |2 rdamedio | ||
| 338 | |a volumen |b nc |2 rdasoporte | ||
| 440 | 1 | |a (Biblioteca de Teología Histórica) | |
| 500 | |a Traducción de: Jésus-Christ: sa vie, sa doctrine, son oeuvre | ||
| 520 | |a Desde una doble perspectiva, teológica e histórica, esta obra presenta la vida de Jesucristo a los lectores medios, a quienes se han iniciado ya en su conocimiento, pero no a expertos en este campo, ya que no es una obra propiamente académica. Se basa en el texto bíblico, y se enriquece con obras no religiosas contemporáneas al Nuevo Testamento, con libros apócrifos, con obras judías y con otros libros sagrados como el Talmud y el Corán. | ||
| 561 | |a Ex libris de Bibl. Iunioratus Dom. Prob. S. Ioseph | ||
| 561 | |a Ex libris de Instituto de Literatura Puente Grande, Jal. | ||
| 649 | |a XX | ||
| 650 | |a Jesucristo - |x Tema Principal | ||
| 650 | |a Biblia - |x Nuevo Testamento - |x Evangelios - |x Historia y Crítica | ||
| 650 | |a Corán - |x Historia y Crítica | ||
| 650 | |a Talmud - |x Historia y Crítica | ||
| 650 | |a Libros Sagrados - |x Historia y Crítica | ||
| 650 | |a Literatura Latina - |x Historia y Crítica | ||
| 650 | |a Literatura Judía - |x Historia y Crítica | ||
| 650 | |a Cristología | ||
| 650 | |a Catolicismo | ||
| 650 | |a Cristianismo | ||
| 650 | |a Religión | ||
| 700 | |a Abascal, Salvador |e (traducción) | ||
| 910 | |a Fondo General | ||
| 920 | |a Impresos - Libros | ||
| 930 | |a Colección General | ||
| 905 | |a 101 | ||
| 901 | |a 019702 |b IT1 |c ACC |i 19702 |u 20250521 | ||
| 901 | |a 019703 |b IT1 |c ACC |i 19703 |u 20250521 | ||
| 902 | |a https://opac.biblio.iteso.mx/vufind/Record/000559602 | ||